Kembali kepada firah

Bibliographic Details
Format: Book
Published: Shah Alam, Selangor : Writers Write Services 2022
Subjects:

MARC

LEADER 00000cam a2200000 7i4500
001 0000091123
005 20230406103900.0
008 230308 may
020 |a 9789672434559 (  |q (paperback)) 
040 |e rda 
041 |a Malay 
090 0 0 |a 808.882   |b KEM 
245 1 0 |a Kembali kepada firah   |c Editor Pengurusan Sri Diah Shaharuddin, Marwani Ridzuan 
264 1 |a Shah Alam, Selangor :   |b Writers Write Services   |c 2022 
300 |a 210 pages :   |b colour photographs ;   |c 21 cm. 
336 |a text  |2 rdacontent 
337 |a unmediated  |2 rdamedia 
338 |a volume  |2 rdacarrier 
541 |c Purchased on 2022   |f PPAJohor/Dis2022 WRI   |h RM30.00 
650 0 |a Life change events   |x Religious aspects   |x Islam   |v Anecdotes 
650 0 |a Muslim   |x Conduct of life   |v Anecdotes 
730 0 |a Title 
999 |a 0001714261   |b Book   |c Adult Collection   |e Cawangan AEON Kulaijaya 
999 |a 0001714262   |b Book   |c Adult Collection   |e Cawangan Urban Transformation Centre 
999 |a 0001714263   |b Book   |c Adult Collection   |e Perbadanan Perpustakaan Awam Johor 
999 |a 0001714264   |b Book   |c Adult Collection   |e Perbadanan Perpustakaan Awam Johor 
999 |a 0001714265   |b Book   |c Adult Collection   |e Perbadanan Perpustakaan Awam Johor 
999 |a 0001714266   |b Book   |c Adult Collection   |e Cawangan Pontian 
999 |a 0001714267   |b Book   |c Adult Collection   |e Cawangan Batu Pahat 
999 |a 0001714268   |b Book   |c Adult Collection   |e Cawangan Muar 
999 |a 0001714269   |b Book   |c Adult Collection   |e Cawangan Kota Tinggi 
999 |a 0001714270   |b Book   |c Adult Collection   |e Cawangan Tangkak 
999 |a 0001714271   |b Book   |c Adult Collection   |e Cawangan Segamat 
999 |a 0001714272   |b Book   |c Adult Collection   |e Cawangan Taman Sri Lambak 
999 |a 0001714273   |b Book   |c Adult Collection   |e Cawangan Mersing 
999 |a 0001714274   |b Book   |c Adult Collection   |e Cawangan Bukit Gambir 
999 |a 0001714275   |b Book   |c Adult Collection   |e Cawangan Bandar Tenggara 
999 |a 0001714276   |b Book   |c Adult Collection   |e Cawangan Tmn. Ungku Tun Aminah 
999 |a 0001714277   |b Book   |c Adult Collection   |e Cawangan Bandar Penawar 
999 |a 0001715615   |b Book   |c Adult Collection   |e Desa - PPAJ 
999 |a 0001715616   |b Book   |c Adult Collection   |e Desa - PPAJ 
999 |a 0001715617   |b Book   |c Adult Collection   |e Desa - PPAJ 
999 |a 0001715618   |b Book   |c Adult Collection   |e Desa - PPAJ 
999 |a 0001715619   |b Book   |c Adult Collection   |e Desa - PPAJ 
999 |a 0001715620   |b Book   |c Adult Collection   |e Desa - PPAJ 
999 |a 0001715621   |b Book   |c Adult Collection   |e Desa - PPAJ 
999 |a 0001715622   |b Book   |c Adult Collection   |e Desa - PPAJ 
999 |a 0001715623   |b Book   |c Adult Collection   |e Desa - PPAJ 
999 |a 0001715624   |b Book   |c Adult Collection   |e Desa - PPAJ 
999 |a 0001715625   |b Book   |c Adult Collection   |e Desa - PPAJ 
999 |a 0001715626   |b Book   |c Adult Collection   |e Desa - PPAJ 
999 |a 0001715627   |b Book   |c Adult Collection   |e Desa - PPAJ 
999 |a 0001715628   |b Book   |c Adult Collection   |e Desa - PPAJ 
999 |a 0001715629   |b Book   |c Adult Collection   |e Desa - PPAJ 
999 |a 0001715630   |b Book   |c Adult Collection   |e Desa - PPAJ 
999 |a 0001715631   |b Book   |c Adult Collection   |e Desa - PPAJ 
999 |a 0001715632   |b Book   |c Adult Collection   |e Desa - PPAJ 
999 |a 0001715633   |b Book   |c Adult Collection   |e Desa - PPAJ 
999 |a 0001715634   |b Book   |c Adult Collection   |e Desa - PPAJ 
999 |a 0001715635   |b Book   |c Adult Collection   |e Desa - PPAJ 
999 |a 0001715636   |b Book   |c Adult Collection   |e Desa - PPAJ 
999 |a 0001715637   |b Book   |c Adult Collection   |e Desa - PPAJ 
999 |a 0001715638   |b Book   |c Adult Collection   |e Desa - PPAJ 
999 |a 0001715639   |b Book   |c Adult Collection   |e Desa - PPAJ 
999 |a 0001715640   |b Book   |c Adult Collection   |e Desa - PPAJ 
999 |a 0001715641   |b Book   |c Adult Collection   |e Desa - PPAJ 
999 |a 0001715642   |b Book   |c Adult Collection   |e Desa - PPAJ 
999 |a 0001715643   |b Book   |c Adult Collection   |e Desa - PPAJ 
999 |a 0001715644   |b Book   |c Adult Collection   |e Desa - PPAJ 
999 |a 0001715645   |b Book   |c Adult Collection   |e Desa - PPAJ 
999 |a 0001715646   |b Book   |c Adult Collection   |e Desa - PPAJ 
999 |a 0001715647   |b Book   |c Adult Collection   |e Desa - PPAJ 
999 |a 0001715648   |b Book   |c Adult Collection   |e Desa - PPAJ 
999 |a 0001715649   |b Book   |c Adult Collection   |e Desa - PPAJ 
999 |a 0001715650   |b Book   |c Adult Collection   |e Desa - PPAJ 
999 |a 0001715651   |b Book   |c Adult Collection   |e Desa - PPAJ 
999 |a 0001715652   |b Book   |c Adult Collection   |e Desa - PPAJ 
999 |a 0001715653   |b Book   |c Adult Collection   |e Desa - PPAJ 
999 |a 0001715654   |b Book   |c Adult Collection   |e Desa - PPAJ 
999 |a 0001715655   |b Book   |c Adult Collection   |e Desa - PPAJ